000
00374nam a2200145Ia 4500
008
231129s1997||||xx |||||||||||||| ||spa||
020
_a
958-24-0352-7
040
_b
sap
082
_a
Co863.44 M843f
100
_a
Moreno-DurĂ¡n Rafael Humberto
245
0
_a
Femina Suite
260
_c
1997
264
_a
Alfaguara
942
_2
ddc
_c
BKS
999
_c
13910
_d
13910